Billionaires in Mumbai - Statistics

General Stats
  • This quiz has been taken 11 times
  • The average score is 4 of 34
Answer Stats
Answer % Correct
Ambani
100%
Godrej
36%
Birla
27%
Mahindra
27%
Piramal
27%
Poonawala
27%
Bajaj
18%
Jhunjhunwala
18%
Mistry
18%
Wadia
18%
Damani
9%
Goenka
9%
Lodha
9%
Oberoi
9%
Parle
9%
Raheja
9%
Raheja
9%
Sanghvi
9%
Alkem
0%
Asian Paints
0%
Balkrishna
0%
Cipla
0%
Endurance
0%
Jindal
0%
Kotak
0%
Macleods
0%
Mariwala
0%
Metro
0%
Nykaa
0%
Pidilite
0%
Polycab
0%
Taparia
0%
Thermax
0%
USV Pharma
0%
No matching quizzes found
Score Distribution
Percent of People with Each Score
Percentile by Number Answered
Your Score History
You have not taken this quiz